Handling Children The Rightway/ (Record no. 214560)

MARC details
000 -LEADER
fixed length control field 00523nam a22001697a 4500
005 - DATE AND TIME OF LATEST TRANSACTION
control field 20260128121733.0
010 ## - LCCN (DPL NO)
LC control number ENG-147725
020 ## - INTERNATIONAL STANDARD BOOK NUMBER
International Standard Book Number 9789380458182
Terms of availability 495.00
035 ## - SYSTEM CONTROL NUMBER
System control number EN-131257
082 ## - DEWEY DECIMAL CLASSIFICATION NUMBER
Classification number 155.4
Item number 1
100 ## - MAIN ENTRY--PERSONAL NAME
Personal name Kabra, Roopnarain
245 ## - TITLE STATEMENT
Title Handling Children The Rightway/
Statement of responsibility, etc Roopnarain Kabra
260 ## - PUBLICATION, DISTRIBUTION, ETC. (IMPRINT)
Place of publication, distribution, etc New Delhi
Name of publisher, distributor, etc Samayik Books
Date of publication, distribution, etc 2024
270 ## - ADDRESS
Address 3320-21 Jatwara, Daryaganj, N.S. Marg
City New Delhi
Postal code 110002
300 ## - PHYSICAL DESCRIPTION
Extent 159 p.
Dimensions 22 cm (hb)
942 ## - ADDED ENTRY ELEMENTS (KOHA)
Source of classification or shelving scheme Dewey Decimal Classification
Item type English Books
Classification part 155.4
Call number suffix KAB
Holdings
Withdrawn status Lost status Not for loan Collection code Home library Current library Date acquired Source of acquisition Cost, normal purchase price Full call number Barcode Copy number Cost, replacement price Koha item type
    Not For Loan Non-fiction D.B.Act.Division D.B.Act.Division 28/01/2026 DBAD 495.00 155.4 KAB EN-131257 1 495.00 English Books

© Delhi Public Library
Hit Counter
free hit counter